000 00239nam a2200097Ia 4500
005 20251222114358.0
008 251222s1900||||xx |||||||||||||| ||spa||
082 _aDVD0124/P38/1995/T.3
245 0 _aLa historia del rock and roll:
942 _cDVD
999 _c1532
_d1532